| 000 | 00931cam a22002775i 4500 | ||
|---|---|---|---|
| 001 | 23045838 | ||
| 003 | OSt | ||
| 005 | 20230516113727.0 | ||
| 008 | 230403s2023 ke a 000 0 eng | ||
| 010 | _a 2023320287 | ||
| 020 | _a9789914748215 | ||
| 020 |
_a9789914493382 _qHardback |
||
| 040 |
_aDLC _beng _erda _cDLC |
||
| 042 |
_alcode _apcc |
||
| 082 |
_a012 _bHAN |
||
| 100 | 1 | _aHassan, Ahmed Issack. | |
| 245 | 1 | 0 |
_aReferee of a dirty ugly game : _bin the theatre of Kenya's elections - an insider's account / _cAhmed Issack Hassan ; foreword by Dr. Anil Seal, introduction by William Sweeney. |
| 264 | 1 |
_aNairobi : _bBig Books Limited, _c[2023] |
|
| 300 |
_axix, 559 pages : _bcolor illustrations ; _c25 cm |
||
| 336 |
_atext _btxt _2rdacontent |
||
| 337 |
_aunmediated _bn _2rdamedia |
||
| 338 |
_avolume _bnc _2rdacarrier |
||
| 906 |
_a0 _bibc _corigode _d2 _encip _f20 _gy-gencatlg |
||
| 942 |
_2ddc _cBK |
||
| 999 |
_c11 _d11 |
||